000 00280nam a2200109Ia 4500
008 190919s9999||||xx |||||||||||||| ||und||
100 _aVishwamitra Sharma
245 0 _aFamous Indians of the 20th Century
260 _aNew Delhi
_bBantam Books
_c2001
300 _a365
942 _cBK
999 _c10847
_d10847